<?xml version="1.0" encoding="UTF-8"?>
<record
    xmlns:xsi="http://www.w3.org/2001/XMLSchema-instance"
    xsi:schemaLocation="http://www.loc.gov/MARC21/slim http://www.loc.gov/standards/marcxml/schema/MARC21slim.xsd"
    xmlns="http://www.loc.gov/MARC21/slim">

  <leader>00726nam a22001817a 4500</leader>
  <controlfield tag="008">131226t    2008mex||||| |||| 00| 0 spa d</controlfield>
  <datafield tag="020" ind1=" " ind2=" ">
    <subfield code="a">978968-24-7457-6</subfield>
  </datafield>
  <datafield tag="050" ind1="0" ind2="4">
    <subfield code="a">HC140.E5 L66</subfield>
  </datafield>
  <datafield tag="100" ind1="1" ind2=" ">
    <subfield code="a">LOPEZ LOPEZ,Victor Manuel ,autor</subfield>
  </datafield>
  <datafield tag="245" ind1="1" ind2="0">
    <subfield code="a">Sustentabilidad y desarrollo sustentable:origen precisiones concceptuales y metodologia Operativa</subfield>
    <subfield code="c">Victor Manuel L&#xF3;pez L&#xF3;pez</subfield>
  </datafield>
  <datafield tag="250" ind1=" " ind2=" ">
    <subfield code="a">2a ed</subfield>
  </datafield>
  <datafield tag="260" ind1=" " ind2=" ">
    <subfield code="a">M&#xE9;xico</subfield>
    <subfield code="b">Editorial trillas,2008</subfield>
  </datafield>
  <datafield tag="300" ind1=" " ind2=" ">
    <subfield code="a">220 paginas</subfield>
  </datafield>
  <datafield tag="500" ind1=" " ind2=" ">
    <subfield code="a">Prologo,presentacion,indice de contenido,abreviaturas,siglas y simbolos,introduccion ,bibliografia,indice onomastico,indice  analitico</subfield>
  </datafield>
  <datafield tag="650" ind1="1" ind2="7">
    <subfield code="a">DESARROLLO SUSTENTABLE--ASPECTOS AMBIENTALES</subfield>
  </datafield>
  <datafield tag="650" ind1="1" ind2="7">
    <subfield code="a">POLITICA AMBIENTAL</subfield>
  </datafield>
  <datafield tag="942" ind1=" " ind2=" ">
    <subfield code="c">LB</subfield>
  </datafield>
  <datafield tag="952" ind1=" " ind2=" ">
    <subfield code="0">0</subfield>
    <subfield code="1">0</subfield>
    <subfield code="2">lcc</subfield>
    <subfield code="4">0</subfield>
    <subfield code="7">0</subfield>
    <subfield code="a">07</subfield>
    <subfield code="b">07</subfield>
    <subfield code="d">2013-12-26</subfield>
    <subfield code="l">15</subfield>
    <subfield code="m">4</subfield>
    <subfield code="o">HC140.E5 L66</subfield>
    <subfield code="p">07 004403</subfield>
    <subfield code="r">2024-03-01</subfield>
    <subfield code="s">2024-02-16</subfield>
    <subfield code="t">1</subfield>
    <subfield code="w">2013-12-26</subfield>
    <subfield code="y">LB</subfield>
  </datafield>
  <datafield tag="999" ind1=" " ind2=" ">
    <subfield code="c">91562</subfield>
    <subfield code="d">91562</subfield>
  </datafield>
</record>
